Länder mit den meisten Nachbarländern - Statistiken

Allgemein
  • Dieses Quiz wurde 687 mal gespielt
  • Das Durchschnittsergebnis liegt bei 16 aus 18
Antwortstatistiken
Hint Antwort Anzahl Nachbarländer % Korrekt
1. China 14 Nordkorea, Russland, Mongolei, Kasachstan, Kirgisistan, Tadschikistan, Afghanistan,Pakistan, Indien, Nepal, Bhutan, Myanmar, Laos, Vietnam
99%
5. Deutschland 9 Dänemark, Polen, Tschechien, Österreich, Schweiz, Frankreich, Luxemburg, Belgien, Niederlande
99%
1. Russland 14 Nordkorea, China, Mongolei, Kasachstan, Aserbaidschan, Georgien, Ukraine, Weißrussland, Polen, Litauen, Lettland, Estland, Finnland, Norwegen
98%
3. Frankreich 10 Belgien, Luxemburg, Deutschland, Schweiz, Italien, Monaco, Spanien, Andorra, Brasilien, Suriname
97%
3. Brasilien 10 Frankreich, Suriname, Guyana, Venezuela, Kolumbien, Peru, Bolivien, Paraguay, Argentinien, Uruguay
96%
7. Österreich 8 Tschechien, Slowakei, Ungarn, Slowenien, Italien, Schweiz, Liechtenstein, Deutschland
95%
7. Türkei 8 Bulgarien, Griechenland, Georgien, Armenien, Aserbaidschan, Iran, Irak, Syrien
92%
12. Polen 7 Russland, Litauen, Weißrussland, Ukraine, Slowakei, Tschechien, Deutschland
91%
7. Serbien 8 Ungarn, Rumänien, Bulgarien, Nordmazedonien, Kosovo, Montenegro, Bosnien und Herzegowina, Kroatien
90%
5. D. R. Kongo 9 Republik Kongo, Zentralafrikanische Republik, Südsudan, Uganda, Ruanda, Burundi, Tansania, Sambia, Angola
89%
12. Ukraine 7 Rumänien, Moldawien, Ungern, Slowakei, Polen, Weißrussland, Russland
89%
12. Iran 7 Irak, Türkei, Aserbaidschan, Armenien, Turkmenistan, Afghanistan, Pakistan
87%
12. Saudi-Arabien 7 Jordanien, Irak, Kuwait, Katar, Vereinigte Arabische Emirate, Oman, Jemen
87%
12. Ungarn 7 Slowakei, Ukraine, Rumänien, Serbien, Kroatien, Slowenien, Österreich
86%
12. Niger 7 Algerien, Libyen, Tschad, Nigeria, Benin, Burkina Faso, Mali
83%
12. Mali 7 Algerien, Niger, Burkina Faso, Elfenbeinküste, Guinea, Senegal, Mauretanien
79%
7. Sambia 8 Demokratische Republik Kongo, Tansania, Malawi, Mosambik, Simbabwe, Botswana, Namibia, Angola
73%
7. Tansania 8 Kenia, Uganda, Ruanda, Burundi, Demokratische Republik Kongo, Sambia Malawi, Mosambik
70%
Keine übereinstimmenden Quizze gefunden
Verteilung der Resultate
Anzahl Personen mit jedem Resultat
Perzentil nach korrekt beantworteten Fragen
Ihre Resultats-Entwicklung
Sie haben dieses Quiz noch nicht gespielt